[Event "Liechtenstein op 24th"]
[Site "Triesen"]
[Date "2006.05.23"]
[Round "5"]
[White "Schwarz, Urs"]
[Black "Bor, Willem"]
[Result "1/2-1/2"]
[WhiteElo "2121"]
[BlackElo "2224"]
[PlyCount "40"]
[EventDate "2006.05.19"]
[EventType "swiss"]
[EventRounds "9"]
[EventCountry "LIE"]
[SourceTitle "CBM 112 Extra"]
[Source "ChessBase"]
[SourceDate "2006.07.14"]
[SourceVersion "1"]
[SourceVersionDate "2006.07.14"]
[SourceQuality "1"]

1. d4 f5 2. Nf3 Nf6 3. Bg5 e6 4. Nbd2 Be7 5. c3 0-0 6. Bxf6 Bxf6 7. e4 fxe4 8. Nxe4 d5 9. Nxf6+ Qxf6 10. Bd3 c5 11. 0-0 cxd4 12. cxd4 Nc6 13. Rc1 Bd7 14. Bb1 Be8 15. Rc3 Bh5 16. Qd3 Bg6 17. Qe3 Bxb1 18. Rxb1 Rad8 19. Re1 Rfe8 20. Ne5 Nxe5 1/2-1/2

[Event "Liechtenstein op 22nd"]
[Site "Triesen"]
[Date "2004.05.16"]
[Round "3"]
[White "Mufic, Goran"]
[Black "Schwarz, Urs"]
[Result "1-0"]
[WhiteElo "2337"]
[BlackElo "2127"]
[PlyCount "73"]
[EventDate "2004.05.14"]
[EventType "swiss"]
[EventRounds "9"]
[EventCountry "LIE"]
[SourceTitle "CBM 100 Extra"]
[Source "ChessBase"]
[SourceDate "2004.07.06"]
[SourceVersion "2"]
[SourceVersionDate "2004.07.06"]
[SourceQuality "1"]

1. d4 g6 2. Nf3 Bg7 3. c3 Nf6 4. Bg5 0-0 5. Nbd2 d6 6. e4 Nbd7 7. Be2 e5 8. dxe5 dxe5 9. h3 h6 10. Be3 Qe7 11. Qc2 a5 12. 0-0 Nh5 13. Rfe1 a4 14. b4 axb3 15. axb3 Rxa1 16. Rxa1 Nf4 17. Bf1 g5 18. g3 Ng6 19. b4 Rd8 20. Ra8 Ndf8 21. Qa2 g4 22. hxg4 Bxg4 23. Bc4 Rxa8 24. Qxa8 b6 25. Qc6 Kh7 26. Kg2 Bd7 27. Qb7 Be6 28. Bd5 Bf6 29. c4 Bg5 30. Nxg5+ hxg5 31. c5 Nf4+ 32. Bxf4 exf4 33. cxb6 Qxb4 34. bxc7 Qxd2 35. Bxe6 f3+ 36. Kxf3 Nxe6 37. c8Q 1-0

[Event "Winterthur op"]
[Site "Winterthur"]
[Date "2003.10.06"]
[Round "4"]
[White "Gheorghiu, Florin"]
[Black "Schwarz, Urs"]
[Result "1-0"]
[WhiteElo "2431"]
[BlackElo "2136"]
[PlyCount "41"]
[EventDate "2003.10.03"]
[EventType "swiss"]
[EventRounds "9"]
[EventCountry "SUI"]
[SourceTitle "CBM 096 Extra"]
[Source "ChessBase"]
[SourceDate "2003.10.22"]
[SourceVersion "2"]
[SourceVersionDate "2003.10.20"]
[SourceQuality "1"]

1. d4 g6 2. e4 Bg7 3. c4 d6 4. Nc3 Nf6 5. f3 a6 6. Be3 c6 7. a4 a5 8. Bd3 e5 9. Nge2 Na6 10. Rc1 0-0 11. 0-0 Qe7 12. Qd2 Re8 13. Bb1 Nd7 14. Rcd1 Nc7 15. f4 f6 16. Ba2 Kh8 17. fxe5 dxe5 18. d5 Na6 19. Nc1 Ndc5 20. d6 Qf8 21. Bxc5 1-0

[Event "Arosa SKA op"]
[Site "Arosa"]
[Date "1996.07.18"]
[Round "8"]
[White "Klauser, Andreas P"]
[Black "Schwarz, Urs"]
[Result "1-0"]
[WhiteElo "1885"]
[BlackElo "1985"]
[PlyCount "65"]
[EventDate "1996.07.11"]
[EventType "swiss"]
[EventRounds "9"]
[EventCountry "SUI"]
[SourceTitle "EXT 2006"]
[Source "ChessBase"]
[SourceDate "2005.11.24"]
[SourceVersion "1"]
[SourceVersionDate "2005.11.24"]
[SourceQuality "1"]

1. e4 g6 2. f4 Bg7 3. Nf3 d6 4. d4 Bg4 5. Be2 Nc6 6. c3 Nh6 7. 0-0 0-0 8. Qe1 d5 9. e5 e6 10. h3 Bxf3 11. Bxf3 Nf5 12. g3 Rc8 13. Na3 a6 14. Bd2 b5 15. Nc2 Na5 16. Rd1 Nc4 17. Bc1 c6 18. Kg2 a5 19. Rh1 Rb8 20. h4 Rb7 21. g4 Ne7 22. Qg3 Bh8 23. h5 Nc8 24. Rh3 Qe7 25. Rdh1 b4 26. Be2 b3 27. axb3 Rxb3 28. Bd3 Nxb2 29. hxg6 Bg7 30. Rxh7 Nxd3 31. Rxg7+ Kxg7 32. Qh3 Rg8 33. Qh6# 1-0